000 00468cam a22001337a 4500
008 180718b1962 xxu||||| |||| 00| 0 eng d
082 _aK657x73 N213em
245 _aEmployee savings plans in the United States
_cby National Industrial Conference Board, USA
260 _aNew York
_bNational Industrial Conference Board
_c1962
300 _a104p.
500 _a$3.00
650 _aEmployee ownership --United States
700 _aUSA. National Industrial Conference Board
999 _c480836
_d480836